| 000 -ლიდერი |
| ფიქსირებული სიგრძის საკონტროლო ველი |
00955nam a22002177a 4500 |
| 003 - საკონტროლო ნომრის იდენტიფიკატორი |
| საკონტროლო ველი |
Ge_BSU |
| 005 - ბოლო ოპერაციის თარიღი და დრო |
| საკონტროლო ველი |
20210513154354.0 |
| 008 - ფიქსირებული სიგრძის მონაცემთა ელემენტები - ზოგადი ინფორმაცია |
| ფიქსირებული სიგრძის საკონტროლო ველი |
210513s1978 ||||| |||| 00| 0 geo d |
| 041 ## - ენის კოდი |
| Language code of text/sound track or separate title |
geo |
| 080 ## - უნივერსალური ათობითი კლასიფიკაციის ინდექსი |
| Universal Decimal Classification number |
530.145 ვ-25 |
| 100 ## - მთავარი ჩანაწერი - პიროვნების სახელი |
| Personal name |
ვაშაკიძე, ი. |
| 9 (RLIN) |
11787 |
| 245 ## - ცნობა სათაურის შესახებ |
| Title |
კვანტური მექანიკა / |
| Statement of responsibility, etc |
ი.ვაშაკიძე, ვ.მამასახლისოვი, გ.ჭილაშვილი. |
| 250 ## - გამოცემის ცნობა |
| Edition statement |
მე-2 შევსებული და გადამუშავებული გამოცემა |
| 300 ## - ფიზიკური აღწერა |
| Extent |
550 გვ. : |
| Other physical details |
ილ. ; |
| Dimensions |
26 სმ. |
| 504 ## - BIBLIOGRAPHY, ETC. NOTE |
| Bibliography, etc |
საგანთა საძიებელი: გვ. 543-546. |
| 653 ## - INDEX TERM--UNCONTROLLED |
| Uncontrolled term |
კვანტური მექანიკა |
| 653 ## - INDEX TERM--UNCONTROLLED |
| Uncontrolled term |
ფიზიკა |
| 700 ## - ADDED ENTRY--PERSONAL NAME |
| Personal name |
მამასახლისოვი, ვ |
| 9 (RLIN) |
11788 |
| 700 ## - ADDED ENTRY--PERSONAL NAME |
| Personal name |
ჭილაშვილი, გ |
| 9 (RLIN) |
11789 |
| 942 ## - ADDED ENTRY ELEMENTS (KOHA) |
| Source of classification or shelving scheme |
|
| Koha item type |
წიგნი |